| 000 | 01348cam a22002771 4500 | ||
|---|---|---|---|
| 001 | gs 18000395 | ||
| 003 | DLC | ||
| 005 | 20260227111323.0 | ||
| 008 | 780914s1916 wiuab s000 0 eng c | ||
| 010 | _ags 18000395 | ||
| 035 | _a(OCoLC)4224050 | ||
| 040 |
_aLibrary, U. S. Geological Survey _cAzU _dDLC |
||
| 042 | _apremarc | ||
| 050 | 0 | 0 |
_aQE179 _b.A2 no. 48 |
| 100 | 1 |
_aWhitson, A. R. _q(Andrew R.), _d1870-1945. |
|
| 245 | 1 | 0 |
_aSoil survey of Jefferson County, Wisconsin, _cby A. R. Whitson, W. J. Geib and O. J. Noer of the Wisconsin Geological and natural history survey, and A. H. Meyer, of the United States Department of agriculture; survey conducted in cooperation with the United States Department of agriculture, Bureau of soils. |
| 260 |
_aMadison, Wis., _bThe State, _c1916. |
||
| 300 |
_a1 p. l., 78 p. _billus., (maps) III pl., fold. map (in portfolio) _c23 cm. |
||
| 490 | 0 |
_aWisconsin. Geological and natural history survey. Bulletin, _vno. 48. Soil series no. 13 |
|
| 500 | _aSoil survey in cooperation with the College of agriculture. | ||
| 650 | 0 |
_aSoil surveys _zWisconsin _zJefferson County. |
|
| 700 | 1 |
_aGeib, W. J. _q(Warren Jacob), _d1880- _ejoint author. |
|
| 700 | 1 |
_aNoer, Oyvind Juul, _ejoint author. |
|
| 700 | 1 |
_aMeyer, Alfred Henry, _d1888-1934, _ejoint author. |
|
| 710 | 1 |
_aUnited States. _bBureau of Soils. |
|
| 999 |
_c25881 _d25881 |
||